Statistics for E5A(後志道・札樽道など)のIC

Click here to take the quiz!

General Stats

  • This quiz has been taken 11 times
  • The average score is 15 of 18

Answer Stats

Answers% Correct
JCT黒松内
100%
JCT小樽
100%
JCT小樽
100%
IC小樽
100%
IC銭函
100%
IC余市
100%
IC黒松内
100%
JCT札幌
100%
IC小樽塩谷
86%
IC手稲
86%
IC札幌北
86%
IC朝里
71%
IC黒松内南
71%
PA金山
71%
IC札幌西
71%
IC新川
71%
IC伏古
57%
IC雁来
57%

Score Distribution

Percentile by Number Answered

Percent of People with Each Score

Your Score History

You have not taken this quiz